| 000 | 00698nam a2200241Ia 4500 | ||
|---|---|---|---|
| 001 | 1972 | ||
| 003 | GE_BSU | ||
| 008 | 181216s||||||||xx |||||||||||||| ||und|| | ||
| 020 | _a9785482012864 | ||
| 040 | _cGE_BSU | ||
| 080 | _a341(075.8):339.9(075.8) | ||
| 100 | _aКузьмин,Э.Л. | ||
| 245 | _aМеждународное экономичечское право | ||
| 245 | _bУчебное пособие. | ||
| 245 | _cОтв.ред.К.А. Бакашев | ||
| 260 | _aМосква | ||
| 260 | _bПроспект | ||
| 260 | _c2007 | ||
| 300 | _a200стр. 19см. | ||
| 541 | _h7л. | ||
| 653 | _aМеждународное экономичечское право | ||
| 942 | _cBK | ||
| 999 |
_c36072 _d36072 |
||